|
|
|
|
| LEADER |
01219nam a2200277 a 4500 |
| 001 |
12082985 |
| 008 |
101127s2000 caua 001 0 eng d |
| 999 |
|
|
|c 10108
|d 10108
|
| 010 |
|
|
|a 00269273
|
| 020 |
|
|
|a 0070411832
|
| 020 |
|
|
|a 0072121246
|
| 040 |
|
|
|a DLC
|c DLC
|d DLC
|d BD-DhAAL
|
| 082 |
0 |
0 |
|a 005.133
|2 21
|
| 100 |
1 |
|
|a Schildt, Herbert.
|9 32879
|
| 245 |
1 |
0 |
|a C, the complete reference /
|c Herbert Schildt.
|
| 250 |
|
|
|a 4th ed.
|
| 260 |
|
|
|a Berkeley :
|b Osborne/McGraw-Hill ;
|a New Delhi :
|b Tata McGraw-Hill,
|c c2000. [Reprinted]
|
| 300 |
|
|
|a xxvi, 805 p. :
|b ill. ;
|c 23 cm.
|
| 500 |
|
|
|a Includes index.
|
| 541 |
|
|
|e 00014085
|
| 650 |
|
0 |
|a C (Computer program language)
|9 32880
|
| 650 |
|
0 |
|a C++ (Computer program language)
|9 32881
|
| 852 |
4 |
|
|a Ayesha Abed Library
|j General shelf
|
| 942 |
0 |
0 |
|0 1
|2 ddc
|c BK
|
| 952 |
|
|
|0 0
|1 0
|2 ddc
|4 0
|6 005_133000000000000_SCH
|7 0
|9 13362
|a BRACUL
|b BRACUL
|c GEN
|d 2010-12-01
|l 18
|m 123
|o 005.133 SCH
|p 3010014085
|r 2026-01-05
|s 2025-05-22
|t 1
|w 2010-12-01
|y BK
|x Price not available in register book.
|
| 952 |
|
|
|0 0
|1 0
|2 ddc
|4 0
|6 005_133000000000000_SCH
|7 0
|9 16082
|a BRACUL
|b BRACUL
|c GEN
|d 2011-04-16
|l 8
|m 44
|o 005.133 SCH
|p 3010012341
|r 2022-12-22
|s 2022-11-01
|t 2
|w 2011-04-16
|y BK
|x Price not available in Register
|